000 00317nam a2200133Ia 4500
008 190216s9999||||xx |||||||||||||| ||und||
100 _aThankappan V K
245 0 _aQuantum Mechanics
250 _a2ND EDN
260 _bNew Age International Publishers
_c2004
300 _a539
650 _aMechanics
942 _cBK
999 _c33513
_d33513